| 000 | 01104nam a22003017a 4500 | ||
|---|---|---|---|
| 999 |
_c45356 _d45356 |
||
| 001 | 18973 | ||
| 003 | CO-MdFUSB | ||
| 005 | 20190202100324.0 | ||
| 008 | 170929t1970 enk||||| |||| 00| 0 eng d | ||
| 040 |
_aCO-MdFUSB _bspa _cCO-MdFUSB _dCO-MdFUSBC _erda |
||
| 041 | _aeng | ||
| 082 | 0 | 4 | _aG 224.2066 N31p |
| 100 | 1 |
_aNicholson, E. W. _eautor |
|
| 245 | 1 | 0 |
_aPreaching to the exiles _b: A study of the prose tradition in the book of Jeremiah _c / E. W. Nicholson |
| 264 | 4 |
_aOxford, England : _bBasil Blackwell, _c©1970 |
|
| 300 | _a154 páginas | ||
| 336 |
_2rdacontent _atexto _btxt |
||
| 337 |
_2rdamedia _asin mediación _bn |
||
| 338 |
_2rdacarrier _avolumen _bnc |
||
| 501 | _aPasta dura | ||
| 505 | 0 | 0 | _aConsideraciones literarias - La procedencia de la tradición prosa en Jeremías: consideraciones teológicas - Los antecedentes históricos de la tradición prosa de Jeremías |
| 650 | 7 |
_aHermenéutica _9418 |
|
| 650 | 0 |
_aBiblia _916 |
|
| 650 | 7 |
_aTeología bíblica _9320 |
|
| 653 | _aBiblia A.T. - Jeremias - Exégesis | ||
| 653 | _aBiblia - Teología - Interpretación | ||
| 942 | _cBK | ||